Sports Quiz

Random Sports Quiz
Score 0/30 Timer 05:00
0 Plays Today
First-last All-Star selection with team Player % Correct
1998-2013Kobe Bryant
99.3%
1980-1991Magic Johnson
92.3%
1997-2004Shaquille O'Neal
85.4%
2009-2011Pau Gasol
83.4%
1961-1974Jerry West
81.5%
1976-1989Kareem Abdul-Jabbar
71.8%
1986-1992James Worthy
69.1%
1969-1973Wilt Chamberlain
62.8%
2013-2013Dwight Howard
59.2%
2012-2012Andrew Bynum
55.9%
1959-1970Elgin Baylor
54.5%
1951-1954George Mikan
42.8%
1997-1998Eddie Jones
40.7%
1998-1998Nick Van Exel
37.9%
1972-1975Gail Goodrich
33%
First-last All-Star selection with team Player % Correct
1990-1990A.C. Green
27.8%
1981-1983Jamaal Wilkes
22.8%
1995-1995Cedric Ceballos
19.8%
1982-1982Norm Nixon
18.6%
1951-1957Vern Mikkelsen
9.1%
1953-1956Slater Martin
7%
1951-1955Jim Pollard
6.3%
1963-1966Rudy LaRusso
5.9%
1956-1957Clyde Lovellette
5.1%
1960-1961Hot Rod Hundley
4.9%
1968-1968Archie Clark
4%
1957-1960Dick Garmaker
3.6%
1962-1962Frank Selvy
3.5%
1958-1959Larry Foust
3.4%
1967-1967Darrall Imhoff
3.2%
Remove Ads.
Support Sporcle.
Get the best of Sporcle when you Go Orange. This ad-free experience offers more features, more stats, and more fun while also helping to support Sporcle. Thank you for becoming a member.

You're not logged in!

Compare scores with friends on all Sporcle quizzes.
OR
Log In

Show Comments

Extras

Top Quizzes Today


Score Distribution

Your Account Isn't Verified!

In order to create a playlist on Sporcle, you need to verify the email address you used during registration. Go to your Sporcle Settings to finish the process.

Report this User

Report this user for behavior that violates our Community Guidelines.

Details: